[Event "17th Izmir Open 2018"]
[Site "Izmir"]
[Date "2018.09.11"]
[Round "4.10"]
[White "Cilek, Bora"]
[Black "Uregen, Rafet"]
[Result "1-0"]
[WhiteElo "1955"]
[BlackElo "1695"]
[Annotator "NA RC"]
[PlyCount "69"]
[EventDate "2018.09.09"]
[EventType "swiss"]
[EventCountry "TUR"]
[SourceTitle "playchess.com"]
[Source "ChessBase"]
[SourceQuality "1"]
[TimeControl "5400+30"]

{[%evp 8,69,35,10,12,0,-11,0,0,-10,104,0,70,-14,32767,32767,32767,32767,32767,32767,32767,32767,32767,32767,73,32767,32767,32767,76,84,78,79,83,32,105,113,129,111,104,101,119,77,135,142,273,297,363,334,328,428,406,480,397,425,652,480,586,598,941,991,1058,1132,1656,1802]} 1. e4 {[%emt 0:00:30]} c5 {[%emt 0:00:30]} 2. Nf3 {[%emt 0:00:00]} Nc6 {[%emt 0:00:00]} 3. Bb5 {[%emt 0:00:00]} g6 {[%emt 0:00:00]} 4. O-O {[%emt 0:00:30]} Bg7 {[%emt 0:00:30]} 5. c3 {[%emt 0:00:00]} e5 {[%emt 0:01:30]} 6. Na3 {[%emt 0:14:00]} Nge7 {[%emt 0:00:30]} 7. Nc4 {[%emt 0:00:30] LiveBook: 18 Games} d6 {[%emt 0:01:30] B31: Sicilian: 2...Nc6 3 Bb5 g6} (7... d5 8. exd5 Qxd5 9. d3 O-O 10. Re1 Kh8 11. h3 f6 12. a4 Be6 13. a5 Rad8 14. Be3 g5 15. Ncd2 {½-½ (34) Romanov,E (2641)-Kovalev,V (2562) Gjakova 2016}) 8. d4 {[%emt 0:01:30]} O-O {[%emt 0:02:30]} (8... exd4 $11 9. Bf4 O-O) 9. Be3 {[%emt 0:10:30]} (9. dxe5 $16 Nxe5 10. Nxd6) 9... b6 $146 {[%emt 0:03:30]} ({Black should try} 9... exd4 $11 10. cxd4 Nxd4 11. Nxd4 a6) ({Predecessor:} 9... cxd4 10. cxd4 exd4 11. Bf4 d5 12. exd5 Qxd5 13. Nd6 Bg4 14. Be2 Rad8 15. Bc4 Bxf3 16. gxf3 {1-0 (36) Kozma,E (1962)-Kozlowski,L Balatonboglar 2014}) 10. a4 {[%emt 0:07:30]} (10. dxe5 $14 dxe5 11. Qxd8 Rxd8 12. Rfd1) 10... Qc7 {[%emt 0:04:30]} 11. d5 {[%emt 0:00:30]} Na5 {[%emt 0:00:30]} 12. Nxa5 {[%emt 0:02:30]} bxa5 {[%emt 0:00:30]} 13. Nd2 {[%emt 0:00:30]} f5 {[%emt 0:03:30]} 14. f3 {[%emt 0:01:30]} Rb8 {[%emt 0:02:30]} 15. Qc2 {[%emt 0:02:30]} Bd7 {[%emt 0:15:30]} 16. Bxd7 {[%emt 0:02:30]} Qxd7 {[%emt 0:00:30]} 17. Nb3 {[%emt 0:01:30]} fxe4 {[%emt 0:07:30]} 18. fxe4 {[%emt 0:00:30]} Rxf1+ {[%emt 0:00:30]} 19. Kxf1 {[%emt 0:01:30]} Qb7 {[%emt 0:06:30]} 20. Ra3 {[%emt 0:00:30]} c4 {[%emt 0:05:30]} (20... Kf7 $14) 21. Nd2 {[%emt 0:00:30]} Qa6 {[%emt 0:00:30]} 22. Ke1 {[%emt 0:03:30]} Nc8 {[%emt 0:02:30]} 23. b3 {[%emt 0:02:30]} Nb6 {[%emt 0:09:30]} 24. b4 {[%emt 0:02:30]} axb4 {[%emt 0:00:30]} (24... Bf6 $142) 25. cxb4 {[%emt 0:00:30]} Kh8 {[%emt 0:03:30]} (25... c3 $16 26. Rxc3 (26. Qxc3 Rc8 $16) 26... Qxa4) 26. a5 {[%emt 0:05:30]} Nd7 {[%emt 0:08:30]} 27. Qa4 {[%emt 0:07:30]} ({Less strong is} 27. Nxc4 Nf6 $16) ({Not} 27. Qxc4 Qxc4 28. Nxc4 Rxb4 $16) 27... Nf6 {[%emt 0:01:05]} 28. Qc6 {[%emt 0:01:30]} Qb7 {[%emt 0:05:00]} 29. Qxb7 {[%emt 0:01:30]} Rxb7 {[%emt 0:00:34]} 30. a6 {[%emt 0:00:00]} Rc7 {[%emt 0:00:53]} (30... Rxb4 $142 31. Bxa7 Bh6) 31. b5 {[%emt 0:00:00]} c3 {[%emt 0:00:51]} 32. Nb3 {[%emt 0:01:30]} Rc8 {[%emt 0:04:35]} 33. Bxa7 {[%emt 0:00:00]} c2 {[%emt 0:00:08]} 34. Be3 {[%emt 0:01:00]} Rc3 {[%emt 0:02:46]} 35. Bd2 $18 {[%emt 0:00:30]} 1-0